Normal view
MARC view
Entry Corporate Name
001 - CONTROL NUMBER
- control field: 6588
003 - CONTROL NUMBER IDENTIFIER
- control field: ARRUPE
005 - DATE AND TIME OF LATEST TRANSACTION
- control field: 20140113142122.0
008 - FIXED-LENGTH DATA ELEMENTS
- fixed length control field: 140113|| aca||aabn | a|a d
040 ## - CATALOGING SOURCE
- Original cataloging agency: ARRUPE
- Transcribing agency: ARRUPE
110 ## - HEADING--CORPORATE NAME
- Corporate name or jurisdiction name as entry element: Canon Law Society of America.
670 ## - SOURCE DATA FOUND
- Source citation: Work cat.: (ARRUPE)0: Catholic Church. 6586, Code of canon law, Latin-English edition :, 1983.